Дело по указу Правительствующего Сената об ответственности членов Санкт-Петербургского губернского правления, бывшего в 1837 год...

Доступно только в Электронных читальных залах Найти на картеНа карте
RUSMARC
00003770nmc2a22000003x 450
001c67fe0ac-0d04-40e7-8983-f6e0dcf74c2a
00520180403113923.0
100##$a20160204l18411842k l0rusy0189 ca
1010#$arus
102##$aRU
2001#$aДело по указу Правительствующего Сената об ответственности членов Санкт-Петербургского губернского правления, бывшего в 1837 году, по делу о не оказавшихся у казначея Ершова деньгах
$j27 декабря 1841 г. - 5 декабря 1842 г.
251##$cДело
300##$aДело
801#0$aRU
$bРГИА
$c20160204
$gRCR
801#1$aRU
$bГлавНИВЦ
$c20160204
$2rusmarc
801#2$aRU
$bПБ им. Б.Н. Ельцина
$c20180403
$gRCR
$2rusmarc
850##$aРГИА
852##$aРГИА
$eФедеральное казенное учреждение "Российский государственный исторический архив" (РГИА)
$j739
937##$hРГИА
$d12193337
$aASBIBLIO_SCAN
462#0$1001d84ca311-0ff2-4bc1-993d-58ba7069b925
$12001
$a1841-1843 гг. Дела Департамента полиции исполнительной МВД за 1841 г.
$1251
$cОпись
$1852
$j8
461#0$10013e300ed0-cd39-49af-8489-5ba5b90fa401
$12001
$aДепартамент полиции исполнительной МВД
$1251
$cФонд
$1852
$j1286
215##$a11 л.
$d36,5х26 см
371##$aДокумент не является опубликованным и широко распространяемым
105##$ay###
1222#$ad
035##$ac67fe0ac-0d04-40e7-8983-f6e0dcf74c2a
856##$uhttp://readingroom.main.prlib.ru/item.aspx?id_node=n114394188&mode=full
Формат отображения